000 00290nam a22001217a 4500
020 _a812722717X
082 _a660.284
_bPAN/PR
100 _aPandey,P.H
_9997
245 _aPrinciples of Agricultural Processing
260 _aLudhiana
_bKalyani Publishers
_c1994
300 _a325
942 _cBK
999 _c14580
_d14580